00406nam a2200157Ia 4500003000400000008004100004040001600045082001600061100002200077245003500099700002100134260006100155300000900216650001000225650001300235GCL140319s9999 xx 000 0 eng d aGCL / cGCL04a797.21bV S1 aVICKERS, BETTY J.10aSWIMMING / cVICKERS, BETTY J.1 aVINCENT, WILLIAM a[S.N] : bW C B BROUN AND BENCHMSRK PUBBISHERS ، c1994 a92 P04aGAMES04aSWIMMING